00586nam a22001697a 450000500170000000800410001702000110005804000190006908200190008810000160010724501330012326000870025630000090034365000410035270000130039385000100040620231125141356.0140725b xxu||||| |||| 00| 0 eng d c250.00 aLoreto College a759.95414bBEL aBelnos,S.C. aTwenty four Plates Illustrative of Hindoo and European Manners in BengalcDrawn on stone by A.Colin from Sketches by Mme Belnos aKolkatabInformation & Public Relations Dept., Kolkata Municipal Corporationc2013 b28cm aPaintings-Customs and manners-Bengal aColin,A. aLCLIB